=LDR 00000nam 2200000 4500 =001 NUTBA000000000005789 =005 20250423113328 =035 ##$$a 0010-111400000000268 =008 250423################g##########0#ind## =020 ##$$a 978-602-7843-09-7 =040 ##$$a NBPDMAT =082 ##$$a 028.5 =090 ##$$a 028.5 $b Wen a =100 ##$$a Weni Rahayu =245 1#$$a Aku tahu hewan liar /$c Weni Rahayu ; editor, Laila Febrina =260 ##$$a Jakarta :$b Mediantara Semesta,$c 2013 =300 ##$$a iv, 11 hlm. : $b ilus. ; $c 17 cm. =500 ##$$a Bibliografi : hlm. 11 =650 #4$$a Bacaan Kanak - Kanak - Kesehatan =700 #$$a Laila Febrina =850 ##$$a NBPDMAT =990 ##$$a 21415612 =990 ##$$a 21415613 =990 ##$$a 21415614 =990 ##$$a 21415615 =990 ##$$a 21415616